000 00442nam a22001577a 4500
999 _c112868
_d112868
005 20190613101514.0
008 190613b ||||| |||| 00| 0 eng d
040 _cPK-LaUMT
082 _a617
_bABD-C
100 _aAbdul Wahab Dogar
245 _aA comprehensive approach to principles of systemic surgery /
_cby Abdul Wahab Dogar
250 _a2nd ed.
260 _aKarachi :
_bFarooq Kitab Ghar,
_c2014
300 _a380 p.
942 _cBK